[Event "CFriend AC-2003-S-00008 email"]
[Site "Chessfriend.com"]
[Date "2004.12.01"]
[Round "1"]
[White "Dobrei, Gheorge Marcel"]
[Black "Blake, Michael"]
[Result "1-0"]
[WhiteElo "2199"]
[BlackElo "1764"]
[PlyCount "77"]
[EventDate "2004.??.??"]
[EventType "tourn (corr)"]
[EventRounds "6"]
[SourceTitle "Corr 2024"]
[Source "ChessBase"]
[SourceDate "2023.10.19"]
[SourceVersion "1"]
[SourceVersionDate "2023.10.19"]
[SourceQuality "1"]

1. e4 e6 2. d4 d5 3. Nc3 Bb4 4. e5 Ne7 5. a3 Bxc3+ 6. bxc3 c5 7. Nf3 Bd7 8. Rb1 Qc7 9. Be2 Nbc6 10. 0-0 c4 11. Re1 f6 12. Bf4 Ng6 13. Bg3 f5 14. Nh4 Nxh4 15. Bxh4 0-0 16. Qd2 b6 17. Qe3 Be8 18. f4 Ne7 19. Rb2 Ng6 20. Bf2 Qe7 21. Ra1 Ba4 22. Qg3 Rfc8 23. Bh5 Be8 24. Qg5 Qxg5 25. fxg5 Nf4 26. Bxe8 Rxe8 27. Kf1 Re7 28. a4 Kf7 29. Be3 Ng6 30. a5 Rb8 31. Rb5 Nf8 32. axb6 axb6 33. Ke2 Reb7 34. Ra6 Ng6 35. Bc1 Ne7 36. Rb1 b5 37. Ba3 Nc8 38. Bc5 Kg6 39. Rxe6+ 1-0

[Event "CFriend AC-2003-S-00008 email"]
[Site "Chessfriend.com"]
[Date "2004.12.01"]
[Round "1"]
[White "Dobrei, Gheorge Marcel"]
[Black "Figlio, Gino"]
[Result "1-0"]
[WhiteElo "2199"]
[BlackElo "2154"]
[PlyCount "47"]
[EventDate "2004.??.??"]
[EventType "tourn (corr)"]
[EventRounds "6"]
[SourceTitle "Corr 2024"]
[Source "ChessBase"]
[SourceDate "2023.10.19"]
[SourceVersion "1"]
[SourceVersionDate "2023.10.19"]
[SourceQuality "1"]

1. e4 c5 2. c3 d5 3. exd5 Qxd5 4. d4 Nf6 5. Nf3 Bg4 6. dxc5 Qxd1+ 7. Kxd1 e5 8. b4 e4 9. h3 Bh5 10. g4 Nxg4 11. hxg4 Bxg4 12. Nbd2 exf3 13. Bd3 Nc6 14. Re1+ Be7 15. Kc2 Kf8 16. Nc4 Bh4 17. Bf4 Be6 18. Nd6 Bxf2 19. Rh1 a5 20. b5 Nb4+ 21. cxb4 axb4 22. Nxb7 Bd4 23. Kd2 f2 24. Be3 1-0

[Event "CFriend AT-2004-0-00136 email"]
[Site "Chessfriend.com"]
[Date "2004.09.15"]
[Round "1"]
[White "Dobrei, Gheorge Marcel"]
[Black "Giurgiu, Nicolas T"]
[Result "1-0"]
[WhiteElo "2199"]
[BlackElo "2137"]
[PlyCount "45"]
[EventDate "2004.??.??"]
[EventType "tourn (corr)"]
[EventRounds "2"]
[SourceTitle "Corr 2024"]
[Source "ChessBase"]
[SourceDate "2023.10.19"]
[SourceVersion "1"]
[SourceVersionDate "2023.10.19"]
[SourceQuality "1"]

1. c4 e5 2. Nc3 g6 3. g3 Bg7 4. Bg2 Nf6 5. Nf3 0-0 6. Nxe5 d6 7. Nf3 Be6 8. Nd4 c6 9. Nxe6 fxe6 10. d4 Nbd7 11. 0-0 Qc7 12. e4 e5 13. d5 Rae8 14. Be3 a6 15. Qe2 Re7 16. dxc6 bxc6 17. b4 Rb8 18. Rab1 Rf7 19. Rfd1 a5 20. b5 Nc5 21. h3 Bf8 22. f4 cxb5 23. cxb5 1-0

[Event "CFriend AT-2004-0-00134 email"]
[Site "Chessfriend.com"]
[Date "2004.09.15"]
[Round "1"]
[White "Dobrei, Gheorge Marcel"]
[Black "Gutierrez, Renzo"]
[Result "1-0"]
[WhiteElo "2199"]
[BlackElo "2271"]
[PlyCount "83"]
[EventDate "2004.??.??"]
[EventType "tourn (corr)"]
[EventRounds "2"]
[SourceTitle "Corr 2024"]
[Source "ChessBase"]
[SourceDate "2023.10.19"]
[SourceVersion "1"]
[SourceVersionDate "2023.10.19"]
[SourceQuality "1"]

1. e4 c5 2. c3 d5 3. exd5 Qxd5 4. d4 Nc6 5. Nf3 Bg4 6. dxc5 Qxd1+ 7. Kxd1 e5 8. b4 a5 9. Bb5 e4 10. Bxc6+ bxc6 11. h3 exf3 12. hxg4 fxg2 13. Rg1 0-0-0+ 14. Bd2 g6 15. Kc2 Bg7 16. bxa5 Nf6 17. Rxg2 Rd5 18. Be3 Ne4 19. a6 Kb8 20. a4 Ka8 21. Ra2 h5 22. gxh5 Rdxh5 23. Rb2 Nxc5 24. Rb6 Rc8 25. Nd2 Rc7 26. Nc4 Ne6 27. Rb2 c5 28. Rb7 Rxb7 29. axb7+ Kb8 30. Rg1 Be5 31. Rb1 Bc7 32. a5 Rh4 33. Kd3 Rh8 34. a6 Ka7 35. Ra1 f5 36. Ra4 f4 37. Bc1 Rd8+ 38. Ke2 Bb8 39. Kf3 Nc7 40. Ne5 Rd6 41. Rxf4 Nxa6 42. Rf7 1-0

[Event "CFriend AT-2004-0-00068 email"]
[Site "Chessfriend.com"]
[Date "2004.07.31"]
[Round "1"]
[White "Teboul, Rene"]
[Black "Dobrei, Gheorge Marcel"]
[Result "1-0"]
[WhiteElo "2244"]
[BlackElo "2199"]
[PlyCount "125"]
[EventDate "2004.??.??"]
[EventType "tourn (corr)"]
[EventRounds "2"]
[SourceTitle "Corr 2024"]
[Source "ChessBase"]
[SourceDate "2023.10.19"]
[SourceVersion "1"]
[SourceVersionDate "2023.10.19"]
[SourceQuality "1"]

1. d4 d5 2. c4 c6 3. Nc3 Nf6 4. e3 e6 5. Nf3 Nbd7 6. Bd3 Bd6 7. e4 dxe4 8. Nxe4 Nxe4 9. Bxe4 Nf6 10. Bc2 h6 11. 0-0 0-0 12. b3 Qc7 13. Bb2 Rd8 14. Qe2 b6 15. Rad1 Bb7 16. Bb1 Rac8 17. a3 Qe7 18. b4 c5 19. dxc5 bxc5 20. b5 Bf4 21. Ne5 Rxd1 22. Rxd1 Rd8 23. Rxd8+ Qxd8 24. g3 Bxe5 25. Bxe5 Qa5 26. Bb2 Nd7 27. f4 a6 28. Bd3 axb5 29. cxb5 Bd5 30. Kf2 Qa7 31. Bc2 c4+ 32. Qe3 Qb7 33. a4 Bh1 34. Ke1 Nf8 35. Qd4 f6 36. Qxc4 Qg2 37. Qe2 Qg1+ 38. Kd2 Bd5 39. a5 Qc5 40. Bd3 Nd7 41. Qe3 Qb4+ 42. Bc3 Qa3 43. a6 Nc5 44. Bc2 Nb3+ 45. Ke1 Nc5 46. Bd4 Qb4+ 47. Qc3 Qxb5 48. Qxc5 Qxa6 49. Qc7 Qc4 50. Qxc4 Bxc4 51. Bg6 Kf8 52. Bc5+ Kg8 53. Kd2 Ba2 54. Ke3 Bb3 55. Kd4 Ba2 56. Bd6 Bb3 57. Kc5 Ba2 58. Kc6 Bd5+ 59. Kd7 Bc4 60. Ke7 e5 61. fxe5 fxe5 62. Bxe5 Bd5 63. Bf5 1-0

[Event "CFriend AP-2004-Q-00014 email"]
[Site "Chessfriend.com"]
[Date "2004.07.10"]
[Round "?"]
[White "Dobrei, Gheorge Marcel"]
[Black "Noble, Mark Frederick"]
[Result "1/2-1/2"]
[WhiteElo "2217"]
[BlackElo "1887"]
[PlyCount "72"]
[EventDate "2004.??.??"]
[EventType "tourn (corr)"]
[EventRounds "12"]
[SourceTitle "Corr 2008"]
[Source "ChessBase"]
[SourceDate "2008.06.24"]
[SourceVersion "1"]
[SourceVersionDate "2008.06.24"]
[SourceQuality "1"]

1. Nf3 d5 2. c4 c6 3. b3 Nf6 4. Bb2 Bg4 5. g3 Nbd7 6. Bg2 e6 7. 0-0 Bd6 8. d4 0-0 9. Nbd2 Qc7 10. Re1 Rfe8 11. e4 dxe4 12. Nxe4 Nxe4 13. Rxe4 Nf6 14. Re1 Rad8 15. h3 Bh5 16. Qc1 Nd7 17. Bc3 f6 18. c5 Bf8 19. b4 Bf7 20. Qb2 Be7 21. Rad1 Nf8 22. Qe2 Rd7 23. Nd2 Red8 24. Rc1 Ng6 25. Nc4 Bf8 26. a4 Re8 27. Bb2 Kh8 28. f4 Rb8 29. b5 Rdd8 30. Bc3 Ne7 31. Nd6 Bg8 32. Bd2 Nd5 33. Nc4 Qd7 34. Ne3 Bf7 35. Nxd5 exd5 36. Qf1 g6 1/2-1/2

[Event "CFriend AP-2004-Q-00014 email"]
[Site "Chessfriend.com"]
[Date "2004.07.10"]
[Round "1"]
[White "Schulz, Michael"]
[Black "Dobrei, Gheorge Marcel"]
[Result "0-1"]
[WhiteElo "1717"]
[BlackElo "2199"]
[PlyCount "76"]
[EventDate "2004.??.??"]
[EventType "tourn (corr)"]
[EventRounds "12"]
[SourceTitle "Corr 2024"]
[Source "ChessBase"]
[SourceDate "2023.10.19"]
[SourceVersion "1"]
[SourceVersionDate "2023.10.19"]
[SourceQuality "1"]

1. d4 Nf6 2. Bg5 c5 3. d5 Qb6 4. Nc3 Qxb2 5. Bd2 Qb6 6. e4 d6 7. f4 e5 8. Nf3 Nbd7 9. fxe5 dxe5 10. Bc4 Bd6 11. Nh4 a6 12. Nf5 Bf8 13. 0-0 Qd8 14. a4 Nb6 15. Ba2 Bxf5 16. Rxf5 Nbd7 17. Bg5 Bd6 18. Qf3 h6 19. Bh4 c4 20. Rf1 Rc8 21. Kh1 0-0 22. g4 Be7 23. g5 hxg5 24. Bxg5 Qb6 25. Nd1 Qd6 26. Rg1 b5 27. c3 g6 28. Ne3 Rfe8 29. Bb1 Rb8 30. axb5 axb5 31. Qh3 Bf8 32. Rf3 Nh7 33. Qh4 Nxg5 34. Rxg5 Bg7 35. Ng4 Rb6 36. Rh3 Kf8 37. Qh7 Qa3 38. Nf2 Rf6 0-1

[Event "AM-2004-0-00012"]
[Site "Chessfriend.com"]
[Date "2004.06.25"]
[Round "1"]
[White "Rada, Hannes"]
[Black "Dobrei, Gheorge Marcel"]
[Result "1/2-1/2"]
[WhiteElo "2403"]
[BlackElo "2199"]
[PlyCount "81"]
[EventDate "2004.??.??"]
[EventType "swiss (corr)"]
[EventRounds "1"]
[SourceTitle "Corr 2024"]
[Source "ChessBase"]
[SourceDate "2023.10.19"]
[SourceVersion "1"]
[SourceVersionDate "2023.10.19"]
[SourceQuality "1"]

1. d4 Nf6 2. c4 g6 3. Nc3 Bg7 4. e4 d6 5. f3 0-0 6. Be3 Nc6 7. Nge2 a6 8. Qd2 Rb8 9. 0-0-0 b5 10. h4 h5 11. Nf4 bxc4 12. Bxc4 e5 13. Nxg6 Na5 14. Bd5 c6 15. Nxf8 cxd5 16. Bh6 Qb6 17. Bxg7 Kxg7 18. dxe5 dxe5 19. exd5 Kxf8 20. Rhe1 Ng8 21. Na4 Qb5 22. Qc2 Bd7 23. Qc5+ Kg7 24. Qxb5 axb5 25. Nc5 Rc8 26. b4 Nb7 27. Rxe5 f6 28. Re3 Nxc5 29. bxc5 Rxc5+ 30. Kb2 Rc8 31. Rc3 Rd8 32. Rc7 Ne7 33. Kc3 Nf5 34. Re1 Kf8 35. Re4 Ng3 36. Rb4 Be8 37. Kd4 Bf7 38. Rxb5 Nf5+ 39. Kc3 Ne3 40. Kd4 Nf5+ 41. Kc3 1/2-1/2

[Event "CFriend AR-2003-F-00006 email"]
[Site "Chessfriend.com"]
[Date "2004.05.07"]
[Round "1"]
[White "Dobrei, Gheorge Marcel"]
[Black "Aberbach Peltzman, Angel Sergio"]
[Result "1-0"]
[WhiteElo "2204"]
[BlackElo "2066"]
[PlyCount "25"]
[EventDate "2004.??.??"]
[EventType "tourn (corr)"]
[EventRounds "12"]
[SourceTitle "Corr 2008"]
[Source "ChessBase"]
[SourceDate "2008.06.24"]
[SourceVersion "1"]
[SourceVersionDate "2008.06.24"]
[SourceQuality "1"]

1. Nf3 f5 2. c4 Nf6 3. g3 g6 4. b3 Bg7 5. Bb2 0-0 6. Bg2 d6 7. d4 Qe8 8. Nbd2 Na6 9. 0-0 Rb8 10. Qc2 b5 11. a3 c6 12. Rfc1 b4 13. e3 1-0

[Event "CFriend AR-2003-F-00006 email"]
[Site "Chessfriend.com"]
[Date "2004.05.07"]
[Round "1"]
[White "Dobrei, Gheorge Marcel"]
[Black "St Amour, Philippe"]
[Result "1/2-1/2"]
[WhiteElo "2204"]
[BlackElo "2121"]
[PlyCount "75"]
[EventDate "2004.??.??"]
[EventType "tourn (corr)"]
[EventRounds "12"]
[SourceTitle "Corr 2008"]
[Source "ChessBase"]
[SourceDate "2008.06.24"]
[SourceVersion "1"]
[SourceVersionDate "2008.06.24"]
[SourceQuality "1"]

1. Nf3 Nf6 2. c4 b6 3. g3 Bb7 4. Bg2 e6 5. d4 Bb4+ 6. Bd2 Be7 7. Nc3 Ne4 8. 0-0 0-0 9. d5 Nd6 10. b3 Na6 11. e4 f5 12. e5 Ne4 13. Qe2 Nxd2 14. Qxd2 Bb4 15. Nd4 Qe8 16. f4 exd5 17. cxd5 Qf7 18. Rad1 Nc5 19. Nc2 Ne4 20. Bxe4 Bxc3 21. Qxc3 fxe4 22. Qc4 c6 23. Ne3 cxd5 24. Nxd5 Rae8 25. Ne3 Re6 26. Qc7 d6 27. Qxf7+ Kxf7 28. exd6 Rd8 29. Rd4 Rexd6 30. Rxd6 Rxd6 31. Rd1 Rxd1+ 32. Nxd1 Ke6 33. Kf2 Kd5 34. Ke3 Kc5 35. g4 a5 36. h4 Kb4 37. f5 Bd5 38. Kd4 1/2-1/2